| 000 | 00462nam a2200205 a 4500 | ||
|---|---|---|---|
| 005 | 20260322212026.0 | ||
| 008 | data | ||
| 010 | _a20-01279223 | ||
| 020 | _a0671034014 | ||
| 020 | _a9780671034016 | ||
| 040 | _aDonation | ||
| 099 | _aGARWOJ | ||
| 100 | 1 | _aGarwood, Julie. | |
| 245 | 1 | 0 |
_aMercy _cJulie Garwood. |
| 260 |
_aNew York _bPocket Books _cc2001 |
||
| 300 |
_a343 p. ; _c 25 cm. |
||
| 650 | 4 | _aLegal stories. | |
| 650 | 4 | _aSuspense fiction. | |
| 001 | data | ||
| 999 |
_c582 _d582 |
||